| 000 | 00510nam a22001817a 4500 | ||
|---|---|---|---|
| 003 | CEME | ||
| 005 | 20210628210523.0 | ||
| 008 | 210201b xxu||||| |||| 00| 0 eng d | ||
| 020 | _a0-19-579780-9 | ||
| 040 | _c. | ||
| 082 | _a954.91 PAK | ||
| 100 |
_aSoofia Mumtaz,Racine, Jean Luc _979769 |
||
| 245 | _aPakistan:the contours of state and society | ||
| 260 |
_aKARACHI _bOXFORD UNIVERSITY PRESS _c2002 |
||
| 300 | _a269P | ||
| 650 |
_aPAKISTAN:THE CONTOURS OF STATE AND SOCIETY _979770 |
||
| 942 |
_cBK _2ddc |
||
| 999 |
_c584767 _d584767 |
||